<?xml version="1.0" encoding="UTF-8"?>
<record
    xmlns:xsi="http://www.w3.org/2001/XMLSchema-instance"
    xsi:schemaLocation="http://www.loc.gov/MARC21/slim http://www.loc.gov/standards/marcxml/schema/MARC21slim.xsd"
    xmlns="http://www.loc.gov/MARC21/slim">

  <leader>01276nam a22002177a 4500</leader>
  <datafield tag="999" ind1=" " ind2=" ">
    <subfield code="c">57215</subfield>
    <subfield code="d">57215</subfield>
  </datafield>
  <controlfield tag="003">Ge_BSU</controlfield>
  <controlfield tag="005">20200120115851.0</controlfield>
  <controlfield tag="008">200120s2010       ||||| |||| 00| 0 geo d</controlfield>
  <datafield tag="020" ind1=" " ind2=" ">
    <subfield code="a">9789941022890 (&#x10DE;&#x10D8;&#x10E0;&#x10D5;&#x10D4;&#x10DA;&#x10D8; &#x10DC;&#x10D0;&#x10EC;&#x10D8;&#x10DA;&#x10D8;)</subfield>
  </datafield>
  <datafield tag="041" ind1=" " ind2=" ">
    <subfield code="a">geo</subfield>
  </datafield>
  <datafield tag="080" ind1=" " ind2=" ">
    <subfield code="a">665.6(083.7) &#x10E9;-96</subfield>
  </datafield>
  <datafield tag="100" ind1=" " ind2=" ">
    <subfield code="a">&#x10E9;&#x10EE;&#x10D0;&#x10D8;&#x10EB;&#x10D4;, &#x10D3;&#x10D0;&#x10D5;&#x10D8;&#x10D7;.</subfield>
    <subfield code="9">5253</subfield>
  </datafield>
  <datafield tag="245" ind1=" " ind2=" ">
    <subfield code="a">&#x10D2;&#x10D0;&#x10D6;&#x10DD;&#x10DB;&#x10D5;&#x10D4;&#x10D1;&#x10D8;&#x10E1; &#x10DB;&#x10D4;&#x10D7;&#x10DD;&#x10D3;&#x10D4;&#x10D1;&#x10D8;&#x10E1; &#x10E8;&#x10D4;&#x10DB;&#x10DB;&#x10E3;&#x10E8;&#x10D0;&#x10D5;&#x10D4;&#x10D1;&#x10D4;&#x10DA;&#x10D8; &#x10D0;&#x10DB;&#x10D4;&#x10E0;&#x10D8;&#x10D9;&#x10E3;&#x10DA;&#x10D8; &#x10E1;&#x10D0;&#x10D6;&#x10DD;&#x10D2;&#x10D0;&#x10D3;&#x10DD;&#x10D4;&#x10D1;&#x10D8;&#x10E1; (ASTM) &#x10D6;&#x10DD;&#x10D2;&#x10D8;&#x10D4;&#x10E0;&#x10D7;&#x10D8; &#x10E1;&#x10E2;&#x10D0;&#x10DC;&#x10D3;&#x10D0;&#x10E0;&#x10E2;&#x10E3;&#x10DA;&#x10D8; &#x10D0;&#x10DC;&#x10D0;&#x10DA;&#x10D8;&#x10D6;&#x10D8;&#x10E1; &#x10DB;&#x10D8;&#x10DB;&#x10DD;&#x10EE;&#x10D8;&#x10DA;&#x10D5;&#x10D0; :  &#x10DC;&#x10D0;&#x10EC;.1 :</subfield>
    <subfield code="b">&#x10D3;&#x10D0;&#x10DB;&#x10EE;&#x10DB;&#x10D0;&#x10E0;&#x10D4; &#x10DA;&#x10D8;&#x10E2;&#x10D4;&#x10E0;&#x10D0;&#x10E2;&#x10E3;&#x10E0;&#x10D0; &#x10DC;&#x10D0;&#x10D5;&#x10D7;&#x10DD;&#x10D1;&#x10D8;&#x10E1;&#x10D0; &#x10D3;&#x10D0; &#x10D2;&#x10D0;&#x10D6;&#x10D8;&#x10E1; &#x10E1;&#x10DE;&#x10D4;&#x10EA;&#x10D8;&#x10D0;&#x10DA;&#x10DD;&#x10D1;&#x10D8;&#x10E1;&#x10D0;&#x10D7;&#x10D5;&#x10D8;&#x10E1;   /</subfield>
    <subfield code="c">&#x10D3;&#x10D0;&#x10D5;&#x10D8;&#x10D7; &#x10E9;&#x10EE;&#x10D0;&#x10D8;&#x10EB;&#x10D4; ; &#x10DB;&#x10D0;&#x10D3;&#x10DD;&#x10DC;&#x10D0; &#x10DA;&#x10DD;&#x10E0;&#x10D8;&#x10D0; ; &#x10E0;&#x10D4;&#x10D3;. &#x10D0;&#x10DC;&#x10D6;&#x10DD;&#x10E0; &#x10D0;&#x10D1;&#x10E8;&#x10D8;&#x10DA;&#x10D0;&#x10D5;&#x10D0;.</subfield>
  </datafield>
  <datafield tag="264" ind1=" " ind2=" ">
    <subfield code="a">&#x10D1;&#x10D0;&#x10D7;&#x10E3;&#x10DB;&#x10D8;, </subfield>
    <subfield code="c">2010.</subfield>
  </datafield>
  <datafield tag="300" ind1=" " ind2=" ">
    <subfield code="a">40 &#x10D2;&#x10D5; .:</subfield>
    <subfield code="c">20 &#x10E1;&#x10DB;.</subfield>
  </datafield>
  <datafield tag="653" ind1=" " ind2=" ">
    <subfield code="a">&#x10D2;&#x10D0;&#x10D6;&#x10D8;</subfield>
  </datafield>
  <datafield tag="653" ind1=" " ind2=" ">
    <subfield code="a">&#x10DC;&#x10D0;&#x10D5;&#x10D7;&#x10DD;&#x10D1;&#x10D8;</subfield>
  </datafield>
  <datafield tag="700" ind1=" " ind2=" ">
    <subfield code="a">&#x10DA;&#x10DD;&#x10E0;&#x10D8;&#x10D0;, &#x10DB;&#x10D0;&#x10D3;&#x10DD;&#x10DC;&#x10D0;</subfield>
    <subfield code="9">5254</subfield>
  </datafield>
  <datafield tag="700" ind1=" " ind2=" ">
    <subfield code="a">&#x10D0;&#x10D1;&#x10E8;&#x10D8;&#x10DA;&#x10D0;&#x10D5;&#x10D0;, &#x10D0;&#x10DC;&#x10D6;&#x10DD;&#x10E0;</subfield>
    <subfield code="e">&#x10E0;&#x10D4;&#x10D3;&#x10D0;&#x10E5;&#x10E2;&#x10DD;&#x10E0;&#x10D8;</subfield>
    <subfield code="9">6248</subfield>
  </datafield>
  <datafield tag="942" ind1=" " ind2=" ">
    <subfield code="2">udc</subfield>
    <subfield code="c">BK</subfield>
  </datafield>
  <datafield tag="952" ind1=" " ind2=" ">
    <subfield code="0">0</subfield>
    <subfield code="1">0</subfield>
    <subfield code="2">udc</subfield>
    <subfield code="4">0</subfield>
    <subfield code="6">66560837_&#x10E9;96</subfield>
    <subfield code="7">0</subfield>
    <subfield code="9">88376</subfield>
    <subfield code="a">CPL</subfield>
    <subfield code="b">CPL</subfield>
    <subfield code="c">GEN</subfield>
    <subfield code="d">2020-01-20</subfield>
    <subfield code="g">3.00</subfield>
    <subfield code="o">665.6(083.7) &#x10E9;-96</subfield>
    <subfield code="p">60375</subfield>
    <subfield code="r">2020-01-20</subfield>
    <subfield code="t">60375</subfield>
    <subfield code="w">2020-01-20</subfield>
    <subfield code="y">BK</subfield>
    <subfield code="z">3.00</subfield>
  </datafield>
</record>
